|
|
|
|
| LEADER |
01828nam a2200397 i 4500 |
| 001 |
EBC3320208 |
| 003 |
MiAaPQ |
| 005 |
20200520144314.0 |
| 006 |
m o d | |
| 007 |
cr cnu|||||||| |
| 008 |
150509t20152015gw a ob 000 0 ger d |
| 020 |
|
|
|z 9783862199129
|
| 020 |
|
|
|a 9783862199136 (e-book)
|
| 035 |
|
|
|a (MiAaPQ)EBC3320208
|
| 035 |
|
|
|a (Au-PeEL)EBL3320208
|
| 035 |
|
|
|a (CaPaEBR)ebr11049148
|
| 035 |
|
|
|a (OCoLC)909903376
|
| 040 |
|
|
|a MiAaPQ
|b eng
|e rda
|e pn
|c MiAaPQ
|d MiAaPQ
|
| 050 |
|
4 |
|a LC1043
|b .P436 2015
|
| 082 |
0 |
|
|a 370.113
|2 23
|
| 100 |
1 |
|
|a Pfannkuche, Jens,
|e author.
|
| 245 |
1 |
0 |
|a Planungskognitionen von lehrern im vorbereitungsdienst (LiV) :
|b eine qualitative untersuchung bei LiV der wirtschafts- und berufspadagogik /
|c Jens Pfannkuche.
|
| 264 |
|
1 |
|a Kassel, [Germany] :
|b Kassel University Press,
|c 2015.
|
| 264 |
|
4 |
|c 2015
|
| 300 |
|
|
|a 1 online resource (376 pages) :
|b illustrations, tables
|
| 336 |
|
|
|a text
|2 rdacontent
|
| 337 |
|
|
|a computer
|2 rdamedia
|
| 338 |
|
|
|a online resource
|2 rdacarrier
|
| 504 |
|
|
|a Includes bibliographical references.
|
| 588 |
|
|
|a Description based on online resource; title from PDF title page (ebrary, viewed May 9, 2015).
|
| 590 |
|
|
|a Electronic reproduction. Ann Arbor, MI : ProQuest, 2015. Available via World Wide Web. Access may be limited to ProQuest affiliated libraries.
|
| 650 |
|
0 |
|a Vocational education.
|
| 655 |
|
4 |
|a Electronic books.
|
| 776 |
0 |
8 |
|i Print version:
|a Pfannkuche, Jens.
|t Planungskognitionen von lehrern im vorbereitungsdienst (LiV) : eine qualitative untersuchung bei LiV der wirtschafts- und berufspadagogik.
|d Kassel, [Germany] : Kassel University Press, c2015
|h 375 pages
|z 9783862199129
|
| 797 |
2 |
|
|a ProQuest (Firm)
|
| 856 |
4 |
0 |
|u https://ebookcentral.proquest.com/lib/matrademy/detail.action?docID=3320208
|z Click to View
|